Sports Quiz

Random Sports or Soccer Quiz

Leading Scorers of 2014-15 Indoor Soccer Quiz Stats

Quiz not verified by Sporcle

Also try: Wimbledon Winners
Challenge
Share
Tweet
Embed
Score 0/8 Timer 03:00
0 Plays Today
Number of Goals Scorer % Correct
16Caroline Barwick
57.1%
7Kristen Isoldi
57.1%
5Molly Lynch
57.1%
8Gabby Centi
42.9%
10Abigail Hormes
28.6%
4Hannah Antic
28.6%
4Lauren Christensen
28.6%
4Stephanie Imbierowicz
28.6%

You're not logged in!

Compare scores with friends on all Sporcle quizzes.
Join for Free
OR
Log In

You Might Also Like...

Show Comments

Extras

Top Quizzes Today


Score Distribution

Your Account Isn't Verified!

In order to create a playlist on Sporcle, you need to verify the email address you used during registration. Go to your Sporcle Settings to finish the process.

Report this User

Report this user for behavior that violates our Community Guidelines.

Details: